| 000 -ლიდერი |
| ფიქსირებული სიგრძის საკონტროლო ველი |
01360nam a2200253 4500 |
| 003 - საკონტროლო ნომრის იდენტიფიკატორი |
| საკონტროლო ველი |
Ge_BSU |
| 005 - ბოლო ოპერაციის თარიღი და დრო |
| საკონტროლო ველი |
20190516204512.0 |
| 008 - ფიქსირებული სიგრძის მონაცემთა ელემენტები - ზოგადი ინფორმაცია |
| ფიქსირებული სიგრძის საკონტროლო ველი |
190516s1992 ge ||||| |||| 00| 0 geo d |
| 020 ## - წიგნის საერთაშორისო სტანდარტული ნომერი |
| International Standard Book Number |
5520010811 |
| 041 ## - ენის კოდი |
| Language code of text/sound track or separate title |
geo |
| 080 ## - უნივერსალური ათობითი კლასიფიკაციის ინდექსი |
| Universal Decimal Classification number |
091(=14'04) + 821.14'04.09 ქ-34 |
| 100 ## - მთავარი ჩანაწერი - პიროვნების სახელი |
| Personal name |
ქაჯაია, ნინო |
| 9 (RLIN) |
1285 |
| 245 ## - ცნობა სათაურის შესახებ |
| Title |
ბასილი კესარიელის თხზულებათა ძველი ქართული თარგმანები / |
| Statement of responsibility, etc |
რედ.: ც. ქურციკიძე ; საქ. მეცნ. აკად., კ. კეკელიძის სახ. ხელნაწ. ინ-ტი. |
| 264 ## - წარმოების, გამოცემის, დისტრიბუციის და სხვა ცნობები |
| გამოცემის, წარმოების, დისტრიბუციის... ადგილი |
თბილისი : |
| გამოცემის, წარმოების, დისტრიბუციის... სახელწოდება |
მეცნიერება, |
| გამოცემის, წარმოების, დისტრიბუციის... თარიღი |
1992. |
| 300 ## - ფიზიკური აღწერა |
| Extent |
352გვ. ; |
| Other physical details |
26სმ. |
| 504 ## - BIBLIOGRAPHY, ETC. NOTE |
| Bibliography, etc |
ბიბლიოგრ.: გვ. 339. |
| 520 ## - SUMMARY, ETC. |
| Summary, etc |
რეზ. რუს. და ინგლ. ენ.. |
| 653 ## - INDEX TERM--UNCONTROLLED |
| Uncontrolled term |
ბასილი კესარიელი |
| 653 ## - INDEX TERM--UNCONTROLLED |
| Uncontrolled term |
ბიზანტიური მწერლობა |
| 653 ## - INDEX TERM--UNCONTROLLED |
| Uncontrolled term |
ბიზანტიური ხელნაწერები |
| 700 ## - ADDED ENTRY--PERSONAL NAME |
| Personal name |
ქურციკიძე, ც. |
| Relator term |
რედაქტორი |
| 9 (RLIN) |
1286 |
| 710 ## - ADDED ENTRY--CORPORATE NAME |
| Corporate name or jurisdiction name as entry element |
საქ. მეცნ. აკად., კ. კეკელიძის სახ. ხელნაწ. ინ-ტი. |
| 9 (RLIN) |
1287 |
| 942 ## - ADDED ENTRY ELEMENTS (KOHA) |
| Source of classification or shelving scheme |
|
| Koha item type |
წიგნი |